The giant clam: an ocean culture manual

This manual provides a guide to the practicalities of giant clam aquaculture. It deals with ocean nursery culture operations.

Saved in:
Bibliographic Details
Format: Book
Language:Undetermined
Published: Canberra Australian centre for International Agricultural Research 1992
Subjects:
Tags: Add Tag
No Tags, Be the first to tag this record!
Institutions: Trung tâm Học liệu Trường Đại học Cần Thơ
LEADER 00678nam a2200193Ia 4500
001 CTU_160117
008 210402s9999 xx 000 0 und d
082 |a 639.4 
082 |b G433o 
245 4 |a The giant clam: 
245 3 |b an ocean culture manual 
245 0 |c Edited by Hilconida P. Calumpong 
260 |a Canberra 
260 |b Australian centre for International Agricultural Research 
260 |c 1992 
520 |a This manual provides a guide to the practicalities of giant clam aquaculture. It deals with ocean nursery culture operations. 
650 |a Scallop culture,Nuôi sò 
904 |i Năm 
980 |a Trung tâm Học liệu Trường Đại học Cần Thơ